| 000 | 00929nam a2200253 i 4500 | ||
|---|---|---|---|
| 001 | 189340 | ||
| 003 | ES-MaACL | ||
| 005 | 20230906223442.0 | ||
| 008 | 190523s1928 fr b |||| | fre d | ||
| 100 | 1 |
_aWong Ching-Wai. _9167115 |
|
| 245 | 1 | 3 |
_aLa Chine et les nations / _cWong Ching-Wai ; traduction française de C. Heywood, d'après la version anglaise de I-Sen Teng et John Nind Smith. |
| 250 | _a3e éd. | ||
| 260 |
_aParis : _bGallimard, _c1928. |
||
| 300 |
_a222 p. : _b1 mapa ; _c19 cm. |
||
| 490 | 1 |
_aLes documents bleus ; _v40 |
|
| 490 | 1 | _aNrf | |
| 504 | _aBibliografía: p. [219]-220. | ||
| 651 | 4 |
_aChina- _xHistoria- _y1912-1949, República. _9159986 |
|
| 651 | 4 |
_aChina- _xPolítica y gobierno. _98056 |
|
| 830 | 0 |
_aLes documents bleus ; _v40 _9229567 |
|
| 830 | 0 |
_aNrf _9189100 |
|
| 852 |
_aES-MaACL _jL-32345 _z. - Donat. herederos de la bibl. de Mª del Pilar Costa Palacín |
||
| 999 |
_c189340 _d189340 |
||